000 00709nam a2200217Ii 4500
003 JO-AjNU
008 230605s9999||||xx |||||||||||||| ||und||
017 _a2009/6/2746
040 _aJO-AjNU
_bara
_erda
_cJO-AjNU
041 _aara
050 1 4 _aLB3051.A276 2010
100 3 _aالعبسي،محمد مصطفى,
_eauthor
_927913
245 0 0 _aالتقويم الواقعي في العملية التدريسية
250 _aط1
264 3 1 _aعمان:دار المسيرة،2010
300 _a215ص
336 _atext
_btxt
_2rdacontent
337 _aunmediated
_bn
_2rdamedia
338 _avolume
_bnc
_2rdacarrier
650 4 _aالتدريس-طرق التعلم-أساليب التدريس
_927914
999 _aA10763
_c14331
_d14331